00750nam a2200229 a 450000100060000000300080000600500170001400800410003102000150007203500190008704000270010604100080013308200270014110000230016824500990019126000320029030000240032235000110034650400410035765000610039865000610045965082BD-RjUL20211209081402.0170226r1974 enk b 001 0 eng  a0333146360 a(BD-RjUL)65212 aDLCcDLCdBD-RjULbeng aeng00a820.9008223bBET 19741 aBergonzi, Bernard.14aThe turn of a century : bessays on Victorian and modern English literature.cBernard Bergonzi aLondon :bMacmillan,c1974. ax, 222 p. ;c23 cm. a£4.25 aIncludes bibliographical references. 0aEnglish literaturey19th centuryxHistory and criticism. 0aEnglish literaturey20th centuryxHistory and criticism.